zpět

Detail výsledku týmu

Centrum Kosatec, Pardubice

Datum a čas kvízu

24.5 Celkem bodů Celkový počet nahraných bodů na tomto kvízu bez doplňovacích otázek.
10. Pořadí na kvízu Konečné umístění týmu na tomto kvízu.

Zaznamenané odpovědi

# Otázka Odpověď Body Výsledky
1. Česká vláda ve středu přijala... anticikanismus 0
2. Překvapení minulý týden neskrý... policie 1
3. Rozhořčení občané jednoho měst... v Táboře 0
4. Patříte-li mezi zákazníky inte... fialová 1
5. Francouzská parkouristka Anouk... šplh na laně 0
6. V pěti otázkách tohoto tématu... na 2. stupni 0
7. Jaká je denní dávka kuchyňské... B 1
8. Po kterém vzácném minerálu se... po diamantu 0
9. Jak zní obchodní název takzvan... Praganda 0
10. Jeden z nejznámějších a nejsta... D) Wieliczka 1